GIS for business and service planning

Αποθηκεύτηκε σε:
Λεπτομέρειες βιβλιογραφικής εγγραφής
Άλλοι συγγραφείς: Longley, Paul (Επιμελητής έκδοσης), Clarke, Graham 1960-
Μορφή: Βιβλίο
Γλώσσα:English
Δημοσίευση: Cambridge : GeoInformation International, c1995
Θέματα:
Ετικέτες: Προσθήκη ετικέτας
Δεν υπάρχουν, Καταχωρήστε ετικέτα πρώτοι!

MARC

LEADER 00000nam a2200000 i 4500
001 1/89417
008 990913s1995 eng d
020 |a 1-899761-07-1 
035 |l 10052786 
040 |a GR-MY-UA  |b gre  |e aacr 
041 0 |a eng 
082 0 |a 658.835 
245 1 0 |a GIS for business and service planning /  |c edited by Paul Longley and Graham Clarke 
260 |a Cambridge :   |b GeoInformation International,   |c c1995 
300 |a 316 p.  |b fig.; tabl. 
504 |a Includes bibliographical references and index 
650 0 0 |a Business planning  |x Information services  |x Congresses. 
650 0 0 |a Service industries  |x Planning  |x Information services  |x Congresses. 
650 0 0 |a Marketing research  |x Congresses. 
650 0 0 |a Geographic information systems  |v Congresses. 
650 0 0 |a Economic geography  |x Congresses. 
650 0 0 |a Spatial analysis (Statistics)  |x Congresses. 
700 1 |a Longley, Paul.  |4 edt 
700 1 |a Clarke, Graham  |d 1960- 
852 |a INST  |b LESVOS  |e 19990913  |h 658.835 GIS  |p 005100019364  |q 005100019364  |t BK  |y 0 
901 |a BIBL1-1999-3 
909 |a Λ  |b 064170 
922 |a 1ΕΛΗ  |b 199902  |c ΚΠΣ/ΤΓ  |d LEADER 
950 |a 118-1998-10-19 
970 |a ΜΟΥΣΤΑΚΑ  |b ΠΗΝΕΛΟΠΗ  |z 1999/10/06